[Event "ch-CHN 2017"]
[Site "Xinghua CHN"]
[Date "2017.04.28"]
[Round "6.4"]
[White "Wen, Yang"]
[Black "Zeng, Chongsheng"]
[Result "1-0"]
[WhiteTitle "GM"]
[BlackTitle "GM"]
[WhiteElo "2613"]
[BlackElo "2536"]
[WhiteFideId "8602956"]
[BlackFideId "8603847"]
[EventDate "2017.04.23"]

1. e4 c6 2. Nc3 d5 3. Nf3 Bg4 4. h3 Bxf3 5. Qxf3 Nf6 6. Be2 e5 7. O-O d4 8. Nb1
Bd6 9. d3 O-O 10. g3 Nbd7 11. Qg2 b5 12. f4 Ne8 13. Nd2 c5 14. Kh1 Rc8 15. a4 a6
16. Nf3 Rc6 17. b3 Bc7 18. Bd2 Qb8 19. Ra2 exf4 20. gxf4 Rg6 21. Qh2 Rh6 22.
axb5 axb5 23. Ng1 c4 24. e5 c3 25. Bc1 Nc5 26. Qf2 Qd8 27. Bf3 Ra6 28. Ba3 Ne6
29. Raa1 Rxa3 30. Rxa3 Nxf4 31. Re1 Qe7 32. Ra8 Ne6 33. Bc6 g6 34. Nf3 N8g7 35.
Rxf8+ Qxf8 36. Be4 Qc5 37. Rf1 h6 38. Nxd4 Qe7 39. Nc6 Qd7 40. Qf6 Ng5 41. e6
Qxe6 42. Qxe6 N7xe6 43. Bg2 Nf4 44. Ne7+ Kf8 45. Nd5 Nxd5 46. Bxd5 Ke7 47. h4
Ne6 48. Re1 Kf6 49. Bxe6 fxe6 50. Kg2 Kf5 51. Rf1+ Bf4 52. Ra1 Kg4 53. Ra6 Kxh4
54. Rxe6 Kg5 55. Rb6 h5 56. Kf3 Bc7 57. Rxb5+ Kf6 58. Rc5 Bd6 59. Rc6 Ke6 60.
Rc8 Kf5 61. Rd8 Be5 62. Rf8+ Ke6 63. Ke4 Bd6 64. Rh8 Kf6 65. d4 Kg5 66. Rd8 Bg3
67. Kf3 h4 68. b4 Kf5 69. b5 g5 70. Rf8+ Ke6 71. b6 Kd5 72. b7 Kxd4 73. b8=Q
Bxb8 74. Rxb8 g4+ 75. Kxg4 Ke3 76. Rd8 1-0

[Event "ch-CHN 2017"]
[Site "Xinghua CHN"]
[Date "2017.04.28"]
[Round "6.5"]
[White "Bai, Jinshi"]
[Black "Lu, Shanglei"]
[Result "1/2-1/2"]
[WhiteTitle "GM"]
[BlackTitle "GM"]
[WhiteElo "2585"]
[BlackElo "2620"]
[WhiteFideId "8602280"]
[BlackFideId "8603332"]
[EventDate "2017.04.23"]

1. d4 d6 2. Nf3 g6 3. c4 Bg7 4. Nc3 e5 5. dxe5 dxe5 6. Qxd8+ Kxd8 7. Bd2 f6 8.
O-O-O Bd7 9. g3 Kc8 10. Bg2 Be6 11. b3 Nd7 12. Ne1 c6 13. Nd3 Nh6 14. Ne4 Kc7
15. f4 Nf7 16. fxe5 Ndxe5 17. Nxe5 Nxe5 18. Rhf1 Bf5 19. h3 Bxe4 20. Bxe4 Rae8
21. Bf4 Kc8 22. Bxe5 Rxe5 23. Bd3 Re3 24. Rf3 Rxf3 25. exf3 Rd8 26. Bc2 Bh6+ 27.
f4 Bf8 28. Rxd8+ Kxd8 29. Kd2 Kd7 30. Ke2 Ke6 1/2-1/2

[Event "ch-CHN 2017"]
[Site "Xinghua CHN"]
[Date "2017.04.28"]
[Round "6.6"]
[White "Xu, Yi"]
[Black "Xu, Minghui"]
[Result "1/2-1/2"]
[WhiteTitle "IM"]
[WhiteElo "2454"]
[BlackElo "2283"]
[WhiteFideId "8605564"]
[BlackFideId "8606790"]
[EventDate "2017.04.23"]

1. e4 e5 2. Nf3 Nc6 3. Bb5 a6 4. Ba4 Nf6 5. O-O Be7 6. Re1 b5 7. Bb3 d6 8. c3
O-O 9. h3 Bb7 10. d4 Re8 11. Nbd2 Bf8 12. a4 Qd7 13. d5 Ne7 14. Nf1 h6 15. N3h2
c6 16. Ng4 Nxg4 17. hxg4 cxd5 18. exd5 g6 19. Ng3 Bg7 20. Ne4 f5 21. gxf5 gxf5
22. Ng3 Rf8 23. f4 Ng6 24. Nh5 Kh7 25. Be3 Rg8 26. axb5 axb5 27. Rxa8 Bxa8 28.
Rf1 Bh8 29. Rf2 Qf7 30. fxe5 Bxe5 31. Nf4 1/2-1/2

[Event "ch-CHN 2017"]
[Site "Xinghua CHN"]
[Date "2017.04.30"]
[Round "7.3"]
[White "Zeng, Chongsheng"]
[Black "Bai, Jinshi"]
[Result "1/2-1/2"]
[WhiteTitle "GM"]
[BlackTitle "GM"]
[WhiteElo "2536"]
[BlackElo "2585"]
[WhiteFideId "8603847"]
[BlackFideId "8602280"]
[EventDate "2017.04.23"]

1. e4 e5 2. Nf3 Nf6 3. Nxe5 d6 4. Nf3 Nxe4 5. d4 d5 6. Bd3 Nc6 7. O-O Be7 8. Re1
Bg4 9. c3 f5 10. Nbd2 Qd6 11. c4 Nxd4 12. cxd5 Nc5 13. Be2 Qxd5 14. Nxd4 Qxd4
15. Qc2 Bxe2 16. Rxe2 Qd5 17. Nf1 Ne6 18. Ne3 Qe4 19. Nxf5 Qxc2 20. Rxc2 Bf6 21.
Be3 Kf7 22. Rac1 Rhd8 23. Ng3 Rd5 24. Ne4 Rad8 25. f3 Bd4 26. Bxd4 Rxd4 27. Kf2
c6 28. Rc4 h6 29. Rxd4 Rxd4 30. Ke3 1/2-1/2

[Event "ch-CHN 2017"]
[Site "Xinghua CHN"]
[Date "2017.04.30"]
[Round "7.4"]
[White "Gao, Rui"]
[Black "Wen, Yang"]
[Result "1/2-1/2"]
[WhiteTitle "GM"]
[BlackTitle "GM"]
[WhiteElo "2543"]
[BlackElo "2613"]
[WhiteFideId "8602387"]
[BlackFideId "8602956"]
[EventDate "2017.04.23"]

1. e4 e5 2. Nf3 Nc6 3. Bb5 Nf6 4. O-O Nxe4 5. Re1 Nd6 6. Nxe5 Be7 7. Bf1 Nxe5 8.
Rxe5 O-O 9. d4 Bf6 10. Re1 Re8 11. c3 Rxe1 12. Qxe1 Ne8 13. Bf4 d5 14. Bd3 g6
15. Nd2 Ng7 16. Qe2 c6 17. Re1 Bf5 18. Bxf5 Nxf5 19. Nf3 Ng7 20. Be5 Ne6 21.
Bxf6 Qxf6 22. Ne5 Re8 23. Ng4 Qd8 24. Qe5 Ng7 25. Qxe8+ Nxe8 26. Rxe8+ Qxe8 27.
Nf6+ Kf8 28. Nxe8 Kxe8 29. f4 f5 30. Kf2 Kf7 1/2-1/2

[Event "ch-CHN 2017"]
[Site "Xinghua CHN"]
[Date "2017.04.30"]
[Round "7.5"]
[White "Fang, Yan"]
[Black "Wang, Chen"]
[Result "1/2-1/2"]
[BlackTitle "IM"]
[WhiteElo "2447"]
[BlackElo "2505"]
[WhiteFideId "8604746"]
[BlackFideId "8601020"]
[EventDate "2017.04.23"]

1. e4 e5 2. Nf3 Nc6 3. Nc3 Nf6 4. d4 exd4 5. Nxd4 Bb4 6. Nxc6 bxc6 7. Bd3 O-O 8.
O-O d5 9. exd5 cxd5 10. Bg5 c6 11. Qf3 h6 12. Bxf6 Qxf6 13. Qxf6 gxf6 14. Ne2
Rb8 15. Rab1 Bd6 16. Nd4 Rb6 17. Nf5 Bxf5 18. Bxf5 Re8 19. b3 Re5 20. Bd3 Rb8
21. Rfe1 a5 22. g3 Kf8 23. f4 Rxe1+ 24. Rxe1 Bb4 25. Re2 Re8 26. Rxe8+ Kxe8 27.
Kf2 Ke7 28. Ke3 Bc5+ 29. Kf3 Bb4 30. Ke3 Bc5+ 31. Kf3 1/2-1/2

[Event "ch-CHN 2017"]
[Site "Xinghua CHN"]
[Date "2017.05.01"]
[Round "8.2"]
[White "Wang, Chen"]
[Black "Xu, Yinglun"]
[Result "1/2-1/2"]
[WhiteTitle "IM"]
[WhiteElo "2505"]
[BlackElo "2557"]
[WhiteFideId "8601020"]
[BlackFideId "8604940"]
[EventDate "2017.04.23"]

1. e4 c5 2. Nf3 d6 3. Bb5+ Bd7 4. Bxd7+ Qxd7 5. O-O Nf6 6. Re1 Nc6 7. c3 e6 8.
d4 cxd4 9. cxd4 d5 10. e5 Ne4 11. Nbd2 Nxd2 12. Bxd2 Bb4 13. Rc1 Bxd2 14. Qxd2
O-O 15. Rc3 Rfc8 16. Rec1 Ne7 17. b3 h6 18. Ne1 Rxc3 19. Rxc3 Rc8 20. Nc2 Rc7
21. g3 Rxc3 22. Qxc3 Qc6 23. Qd3 h5 24. h4 Qb6 25. Kf1 Kf8 26. Ke2 g6 27. a3 Qc7
28. Kd2 Qa5+ 29. Qc3 Qa6 30. Qd3 Qa5+ 31. Qc3 Qa6 32. Qd3 Qa5+ 1/2-1/2

[Event "ch-CHN 2017"]
[Site "Xinghua CHN"]
[Date "2017.05.01"]
[Round "8.4"]
[White "Bai, Jinshi"]
[Black "Gao, Rui"]
[Result "1/2-1/2"]
[WhiteTitle "GM"]
[BlackTitle "GM"]
[WhiteElo "2585"]
[BlackElo "2543"]
[WhiteFideId "8602280"]
[BlackFideId "8602387"]
[EventDate "2017.04.23"]

1. d4 Nf6 2. c4 g6 3. Nc3 d5 4. cxd5 Nxd5 5. e4 Nxc3 6. bxc3 Bg7 7. Be3 c5 8.
Rc1 Qa5 9. Qd2 Nd7 10. Nf3 O-O 11. Bh6 Nf6 12. Bd3 Rd8 13. d5 c4 14. Bb1 e6 15.
O-O exd5 16. e5 Ne4 17. Qf4 Bh8 18. Rfe1 Re8 19. Bxe4 dxe4 20. Qxe4 Bf5 21. Qxb7
Rab8 22. Qc6 Be6 23. Qe4 Bd5 24. Qf4 Bxf3 25. e6 Qf5 26. exf7+ Qxf7 27. gxf3
Qxf4 28. Bxf4 Rbd8 29. Rxe8+ Rxe8 30. Be3 a5 31. f4 Kf7 32. Kg2 Rb8 33. Rd1 Rb2
34. Rd7+ Ke6 35. Rxh7 Bxc3 36. Rc7 Bd2 37. Bxd2 Rxd2 38. Rxc4 Rxa2 39. Kg3 Kf5
40. Rc5+ Kf6 41. Rc6+ Kf5 42. Rc5+ Kf6 43. Rc6+ Kf5 44. Rc5+ 1/2-1/2

[Event "ch-CHN 2017"]
[Site "Xinghua CHN"]
[Date "2017.05.01"]
[Round "8.5"]
[White "Xu, Yi"]
[Black "Zeng, Chongsheng"]
[Result "1/2-1/2"]
[WhiteTitle "IM"]
[BlackTitle "GM"]
[WhiteElo "2454"]
[BlackElo "2536"]
[WhiteFideId "8605564"]
[BlackFideId "8603847"]
[EventDate "2017.04.23"]

1. e4 c5 2. Nf3 e6 3. d4 cxd4 4. Nxd4 Qb6 5. Be3 a6 6. Bd3 Bc5 7. c3 Qc7 8. O-O
Nf6 9. Nd2 O-O 10. Bg5 Be7 11. f4 d6 12. Qe2 e5 13. fxe5 dxe5 14. Nf5 Bxf5 15.
exf5 Nbd7 16. Ne4 Rfe8 17. Bxf6 Nxf6 18. Nxf6+ Bxf6 19. Be4 Rad8 20. Rad1 Rxd1
21. Rxd1 Rd8 22. Rxd8+ Qxd8 23. Kf1 Qd7 24. Qd3 Qxd3+ 25. Bxd3 Kf8 26. Ke2 Ke7
27. Be4 b6 28. Kd3 Kd6 29. Kc4 Bg5 30. Bb7 a5 1/2-1/2

[Event "ch-CHN 2017"]
[Site "Xinghua CHN"]
[Date "2017.05.02"]
[Round "9.1"]
[White "Lu, Shanglei"]
[Black "Zhou, Jianchao"]
[Result "1/2-1/2"]
[WhiteTitle "GM"]
[BlackTitle "GM"]
[WhiteElo "2620"]
[BlackElo "2613"]
[WhiteFideId "8603332"]
[BlackFideId "8603537"]
[EventDate "2017.04.23"]

1. e4 c5 2. Nf3 e6 3. g3 Nc6 4. Bg2 Nf6 5. Nc3 d6 6. d4 cxd4 7. Nxd4 Bd7 8. Be3
Be7 9. f4 O-O 10. O-O Nxd4 11. Bxd4 Qc7 12. e5 dxe5 13. Bxe5 Qb6+ 14. Bd4 Qc7
15. Be5 Qb6+ 16. Bd4 Qc7 17. Be5 1/2-1/2

[Event "ch-CHN 2017"]
[Site "Xinghua CHN"]
[Date "2017.05.02"]
[Round "9.2"]
[White "Zeng, Chongsheng"]
[Black "Xu, Minghui"]
[Result "1-0"]
[WhiteTitle "GM"]
[WhiteElo "2536"]
[BlackElo "2283"]
[WhiteFideId "8603847"]
[BlackFideId "8606790"]
[EventDate "2017.04.23"]

1. d4 d5 2. c4 c6 3. Nc3 Nf6 4. Nf3 e6 5. Bg5 Nbd7 6. e3 Qa5 7. cxd5 Nxd5 8. Qd2
h6 9. Bh4 Bb4 10. Rc1 b6 11. a3 Bxc3 12. bxc3 c5 13. c4 Qxd2+ 14. Nxd2 Ne7 15.
f3 Bb7 16. Be2 g5 17. Bf2 f5 18. O-O h5 19. Nb3 Bc6 20. Rb1 Ba4 21. Nc1 Kf7 22.
Na2 cxd4 23. exd4 Nf6 24. Nc3 Bc6 25. a4 g4 26. Bh4 gxf3 27. gxf3 Rhg8+ 28. Kf2
Rad8 29. Rfd1 f4 30. d5 exd5 31. cxd5 Bd7 32. Ne4 Nfxd5 33. Bxe7 Nxe7 34. Bc4+ 1-0

[Event "ch-CHN 2017"]
[Site "Xinghua CHN"]
[Date "2017.05.02"]
[Round "9.3"]
[White "Gao, Rui"]
[Black "Xu, Yi"]
[Result "1-0"]
[WhiteTitle "GM"]
[BlackTitle "IM"]
[WhiteElo "2543"]
[BlackElo "2454"]
[WhiteFideId "8602387"]
[BlackFideId "8605564"]
[EventDate "2017.04.23"]

1. e4 c6 2. d4 d5 3. exd5 cxd5 4. Bd3 Nc6 5. c3 Qc7 6. h3 Nf6 7. Nf3 g6 8. O-O
Bf5 9. Ne1 Bg7 10. Na3 a6 11. Nac2 O-O 12. Bxf5 gxf5 13. Nd3 e6 14. Bf4 Qe7 15.
a3 Ne4 16. Ncb4 Na5 17. f3 Nf6 18. Qe1 Nb3 19. Rd1 a5 20. Nc2 Nh5 21. Be5 Bxe5
22. Qxe5 a4 23. g4 Ng7 24. Rf2 f6 25. Qg3 Kh8 26. Kh1 Rg8 27. Re1 Qf7 28. Qh4
Rae8 29. Rg2 Qg6 30. Nf4 Qg5 31. Qxg5 fxg5 32. Nd3 Rgf8 33. Ne5 fxg4 34. hxg4
Re7 35. Rh2 Kg8 36. Kg2 Ne8 37. Kg3 Rf6 38. Reh1 Nd6 39. Nb4 Nc4 40. Nbd3 b5 41.
Rh5 Rg7 42. Rh6 Rxh6 43. Rxh6 Re7 44. Rh5 Rg7 45. Rh6 Re7 46. Nc6 Rc7 47. Rxe6
Kf7 48. Nd8+ Kg7 49. Ra6 Re7 50. Ne6+ Kg8 51. Ra8+ Kf7 52. Nxg5+ Kf6 53. Ra6+
Kg7 54. Nf4 1-0

[Event "ch-CHN 2017"]
[Site "Xinghua CHN"]
[Date "2017.05.02"]
[Round "9.4"]
[White "Fang, Yan"]
[Black "Bai, Jinshi"]
[Result "1/2-1/2"]
[BlackTitle "GM"]
[WhiteElo "2447"]
[BlackElo "2585"]
[WhiteFideId "8604746"]
[BlackFideId "8602280"]
[EventDate "2017.04.23"]

1. e4 c5 2. Nf3 e6 3. Nc3 Nc6 4. Bb5 Nge7 5. O-O a6 6. Bxc6 Nxc6 7. d4 cxd4 8.
Nxd4 Qc7 9. Nxc6 bxc6 10. Re1 e5 11. Qd3 Be7 12. Qg3 O-O 13. Bh6 Bf6 14. Rad1 d6
15. b3 Be6 16. Rd3 Rfd8 17. Rf3 Qe7 18. Rxf6 Qxf6 19. Bg5 Qg6 20. Bxd8 Qxg3 21.
hxg3 Rxd8 22. f4 f6 23. Kf2 Kf8 24. Na4 c5 25. c4 Bd7 26. Nc3 Bc6 27. Ke3 Rb8
28. Rh1 h6 29. f5 Ke7 30. g4 Rg8 31. Nd5+ Bxd5 32. cxd5 Rb8 33. Rc1 Rb4 34. Rc4
Rxc4 1/2-1/2

[Event "ch-CHN 2017"]
[Site "Xinghua CHN"]
[Date "2017.05.02"]
[Round "9.5"]
[White "Xu, Yinglun"]
[Black "Wen, Yang"]
[Result "0-1"]
[BlackTitle "GM"]
[WhiteElo "2557"]
[BlackElo "2613"]
[WhiteFideId "8604940"]
[BlackFideId "8602956"]
[EventDate "2017.04.23"]

1. d4 d5 2. c4 c6 3. Nf3 Nf6 4. e3 Bf5 5. Nc3 e6 6. Nh4 Bg6 7. Be2 Nbd7 8. g3
Bd6 9. O-O O-O 10. Nxg6 hxg6 11. b3 Qe7 12. Bf3 Rac8 13. Bd2 Bb4 14. a3 Bd6 15.
Re1 a6 16. c5 Bc7 17. Bg2 e5 18. f4 e4 19. Rf1 Rb8 20. b4 Nh7 21. g4 f5 22. g5
Nxg5 23. fxg5 Qxg5 24. Ne2 Qh6 25. Ng3 Nf6 26. Qe1 Kf7 27. h3 Rh8 28. Rf4 Nh7
29. Qf2 Ng5 30. h4 Ne6 31. h5 Qg5 32. Nxf5 Nxf4 33. Nd6+ Bxd6 34. exf4 Qg4 35.
cxd6 Rxh5 36. Kf1 Rbh8 37. Qg1 Rh3 38. d7 Rf3+ 39. Ke1 Qg3+ 40. Ke2 Rh2 41. Qxh2 0-1

[Event "ch-CHN 2017"]
[Site "Xinghua CHN"]
[Date "2017.05.03"]
[Round "10.1"]
[White "Zhou, Jianchao"]
[Black "Wang, Chen"]
[Result "1/2-1/2"]
[WhiteTitle "GM"]
[BlackTitle "IM"]
[WhiteElo "2613"]
[BlackElo "2505"]
[WhiteFideId "8603537"]
[BlackFideId "8601020"]
[EventDate "2017.04.23"]

1. d4 Nf6 2. c4 e6 3. Nc3 d5 4. cxd5 exd5 5. Bg5 c6 6. e3 Bf5 7. Qf3 Bg6 8. Bxf6
Qxf6 9. Qxf6 gxf6 10. Nf3 Nd7 11. Nh4 Be7 12. g3 Nb6 13. f4 f5 14. Bd3 Bxh4 15.
gxh4 Ke7 16. b4 a6 17. Kf2 Nc8 18. a4 Nd6 19. b5 axb5 20. axb5 f6 21. Rhb1 Rhb8
22. Ra4 Rxa4 23. Nxa4 Ra8 24. bxc6 bxc6 25. Rb4 Be8 26. Kg3 Ra7 27. Nc5 Ra3 28.
Ra4 Rxa4 29. Nxa4 Bd7 30. Kf2 Nb7 31. Ba6 Nd6 32. Ke1 Bc8 33. Bd3 Nf7 34. Kd2
Nh6 35. h3 Kd6 36. Kc3 Ng8 37. Kb4 Ne7 38. h5 h6 39. Ka5 Kc7 40. Nc5 Ng8 41. Nb3
Ne7 42. Nd2 Bd7 43. Nb3 Be8 44. Be2 Nc8 45. Nc5 Bf7 46. Na6+ Kb7 47. Nc5+ Kc7
48. Na6+ Kb7 49. Kb4 Nd6 50. Nc5+ Kc7 51. Ka5 1/2-1/2

[Event "ch-CHN 2017"]
[Site "Xinghua CHN"]
[Date "2017.05.03"]
[Round "10.3"]
[White "Bai, Jinshi"]
[Black "Xu, Yinglun"]
[Result "1/2-1/2"]
[WhiteTitle "GM"]
[WhiteElo "2585"]
[BlackElo "2557"]
[WhiteFideId "8602280"]
[BlackFideId "8604940"]
[EventDate "2017.04.23"]

1. Nf3 Nf6 2. g3 d5 3. Bg2 Bf5 4. O-O e6 5. d3 Be7 6. c4 c6 7. Qb3 Qb6 8. Be3
Qxb3 9. axb3 a6 10. Bd4 O-O 11. Bc3 Nbd7 12. b4 Rfe8 13. Nbd2 e5 14. cxd5 Nxd5
15. Nc4 Bg4 16. Nfxe5 Nxe5 17. Nxe5 Nxc3 18. bxc3 Bxe2 19. Rfe1 Bxb4 20. cxb4
Rxe5 21. b5 Re6 22. bxc6 bxc6 23. Bh3 Ree8 24. Bd7 Red8 25. Bxc6 Rac8 26. Bb7
Rc2 27. Bxa6 g6 28. Bb5 Rd5 29. Bc4 Rd7 30. Bb5 Rd5 31. Bc4 Rd7 1/2-1/2

[Event "ch-CHN 2017"]
[Site "Xinghua CHN"]
[Date "2017.05.03"]
[Round "10.4"]
[White "Xu, Yi"]
[Black "Fang, Yan"]
[Result "1/2-1/2"]
[WhiteTitle "IM"]
[WhiteElo "2454"]
[BlackElo "2447"]
[WhiteFideId "8605564"]
[BlackFideId "8604746"]
[EventDate "2017.04.23"]

1. e4 c5 2. Nf3 Nc6 3. Bb5 d6 4. O-O Bd7 5. Re1 Nf6 6. c3 a6 7. Bf1 Bg4 8. h3
Bh5 9. g4 Bg6 10. d4 e5 11. d5 Nb8 12. Bg2 Nbd7 13. Nbd2 Be7 14. Nh4 Qc7 15. a4
h6 16. a5 Nh7 17. Nf5 Bxf5 18. exf5 h5 19. Ne4 hxg4 20. hxg4 Nhf6 21. Ng3 Nh7
22. Ne4 Ndf6 23. Ng3 Nd7 24. Be3 Bg5 25. Bxg5 Nxg5 26. Qd2 Qd8 27. Nh5 Kf8 28.
f3 c4 29. f4 Nh7 30. fxe5 Nxe5 31. Rxe5 dxe5 32. d6 Nf6 33. Nxf6 Qxf6 34. g5
Qxf5 35. Rf1 Qd3 36. Qf2 Qg6 37. Qb6 Qxg5 38. Qxb7 Qe3+ 39. Rf2 Qc1+ 40. Rf1
Qe3+ 1/2-1/2

[Event "ch-CHN 2017"]
[Site "Xinghua CHN"]
[Date "2017.05.03"]
[Round "10.5"]
[White "Xu, Minghui"]
[Black "Gao, Rui"]
[Result "1/2-1/2"]
[BlackTitle "GM"]
[WhiteElo "2283"]
[BlackElo "2543"]
[WhiteFideId "8606790"]
[BlackFideId "8602387"]
[EventDate "2017.04.23"]

1. d4 d5 2. Nf3 Nf6 3. c4 c6 4. cxd5 cxd5 5. Nc3 Nc6 6. Bf4 a6 7. e3 Bg4 8. Be2
e6 9. O-O Bd6 10. Bxd6 Qxd6 11. Rc1 O-O 12. h3 Bxf3 13. Bxf3 Rfc8 14. Na4 Nd7
15. Nc5 Nxc5 16. Rxc5 Ne7 17. Qb3 b6 18. Rc3 Rxc3 19. bxc3 Rc8 20. Rb1 Rc6 21.
Be2 a5 22. a4 g6 23. g3 Kg7 24. Kg2 h5 25. Bb5 Rc7 26. Bd3 Rc6 27. Bb5 Rc7 28.
Bd3 Rc6 29. Bb5 Rc7 30. Bd3 Rc6 1/2-1/2

[Event "ch-CHN 2017"]
[Site "Xinghua CHN"]
[Date "2017.05.03"]
[Round "10.6"]
[White "Lu, Shanglei"]
[Black "Zeng, Chongsheng"]
[Result "1-0"]
[WhiteTitle "GM"]
[BlackTitle "GM"]
[WhiteElo "2620"]
[BlackElo "2536"]
[WhiteFideId "8603332"]
[BlackFideId "8603847"]
[EventDate "2017.04.23"]

1. e4 c5 2. Nf3 e6 3. g3 Nc6 4. Bg2 Nf6 5. Nc3 d6 6. d4 cxd4 7. Nxd4 Bd7 8. Be3
Be7 9. h3 O-O 10. f4 Nxd4 11. Qxd4 Bc6 12. O-O Qc7 13. a4 a6 14. a5 Rac8 15.
Rfd1 e5 16. Qd3 exf4 17. gxf4 Rfe8 18. Bb6 Qb8 19. Bd4 Nd7 20. Rd2 Rcd8 21. Rad1
Bf8 22. b4 Nc5 23. Qe3 Na4 24. Nxa4 Bxa4 25. Qg3 Bc6 26. Bf3 Rd7 27. f5 g6 28.
Qf4 Rde7 29. Re1 Re5 30. c3 d5 31. Bxe5 Rxe5 32. Rde2 Bd6 33. Qh4 Bb5 34. Re3
Qe8 35. Qf6 Bb8 36. Qb6 Qd7 37. Rd1 Bc7 38. Qc5 Qd8 39. Rxd5 Qg5+ 40. Bg2 Qf4
41. Qd4 Bc6 42. Rf3 Rxd5 43. exd5 Qh2+ 44. Kf2 Be5 45. Qh4 Bb8 46. Qd8+ Kg7 47.
c4 Ba4 48. fxg6 hxg6 49. Qf6+ Kh6 50. Qh8+ Kg5 51. h4+ Kg4 52. Qd4+ Kh5 53. Qf6 1-0

[Event "ch-CHN 2017"]
[Site "Xinghua CHN"]
[Date "2017.05.04"]
[Round "11.1"]
[White "Zeng, Chongsheng"]
[Black "Zhou, Jianchao"]
[Result "0-1"]
[WhiteTitle "GM"]
[BlackTitle "GM"]
[WhiteElo "2536"]
[BlackElo "2613"]
[WhiteFideId "8603847"]
[BlackFideId "8603537"]
[EventDate "2017.04.23"]

1. d4 Nf6 2. Nc3 d5 3. Bf4 e6 4. e3 Bb4 5. Bd3 c5 6. a3 Bxc3+ 7. bxc3 Qa5 8. Kf1
c4 9. Be2 Ne4 10. f3 Nxc3 11. Qe1 Nc6 12. Qg3 Rg8 13. Nh3 Bd7 14. Kf2 f6 15. Qh4
O-O-O 16. Qxh7 e5 17. dxe5 fxe5 18. Bg3 d4 19. Bxc4 dxe3+ 20. Kg1 Rh8 21. Qg6
Qc5 22. Bd3 Nd4 23. Be1 Rxh3 24. gxh3 Bxh3 0-1

[Event "ch-CHN 2017"]
[Site "Xinghua CHN"]
[Date "2017.05.04"]
[Round "11.2"]
[White "Gao, Rui"]
[Black "Lu, Shanglei"]
[Result "0-1"]
[WhiteTitle "GM"]
[BlackTitle "GM"]
[WhiteElo "2543"]
[BlackElo "2620"]
[WhiteFideId "8602387"]
[BlackFideId "8603332"]
[EventDate "2017.04.23"]

1. e4 d6 2. d4 g6 3. Nc3 Bg7 4. f4 Nf6 5. Nf3 c5 6. Bb5+ Bd7 7. e5 Ng4 8. Bxd7+
Qxd7 9. h3 cxd4 10. Qxd4 Nh6 11. Bd2 Nf5 12. Qf2 h5 13. O-O-O Nc6 14. Rhe1 h4
15. Kb1 e6 16. exd6 Qxd6 17. Ne4 Qc7 18. Bc3 Bxc3 19. Nxc3 Kf8 20. Ng5 Re8 21.
Nce4 Kg7 22. Qc5 Qxf4 23. Qc3+ Qe5 24. Nd6 Qxc3 25. Nxe8+ Rxe8 26. bxc3 Re7 27.
Re4 e5 28. Nf3 Ng3 29. Re3 Nf5 30. Re4 Ng3 31. Re3 g5 32. Nxg5 e4 33. Nxe4 Nxe4
34. Kc1 f5 35. Rd5 Kf6 36. c4 Rg7 37. Re2 Nb4 38. Rd8 Nxa2+ 39. Kb2 Nac3 40. Re1
Rxg2 41. Rf8+ Ke5 42. Ra1 a6 43. Rf7 b5 44. Rxa6 Rg1 45. Ra1 Na4+ 0-1

[Event "ch-CHN 2017"]
[Site "Xinghua CHN"]
[Date "2017.05.04"]
[Round "11.3"]
[White "Fang, Yan"]
[Black "Xu, Minghui"]
[Result "1/2-1/2"]
[WhiteElo "2447"]
[BlackElo "2283"]
[WhiteFideId "8604746"]
[BlackFideId "8606790"]
[EventDate "2017.04.23"]

1. e4 e5 2. Nf3 Nc6 3. Nc3 Nf6 4. d4 exd4 5. Nxd4 Bb4 6. Nxc6 bxc6 7. Bd3 d5 8.
exd5 cxd5 9. O-O O-O 10. Bg5 c6 11. Qf3 h6 12. Bxf6 Qxf6 13. Qxf6 gxf6 14. Ne2
Rb8 15. Ng3 Bd6 16. b3 Re8 17. Rae1 Bd7 18. Nf5 Bxf5 19. Bxf5 Bb4 20. Rxe8+ Rxe8
21. Bd3 Kf8 22. g3 Re1 23. Rxe1 Bxe1 24. Kf1 Bc3 25. Ke2 c5 26. f4 d4 27. Kf3 a5
28. a4 Bb4 29. Ke2 Bc3 30. Kf3 Bb4 31. Ke4 1/2-1/2

[Event "ch-CHN 2017"]
[Site "Xinghua CHN"]
[Date "2017.05.04"]
[Round "11.4"]
[White "Xu, Yinglun"]
[Black "Xu, Yi"]
[Result "1/2-1/2"]
[BlackTitle "IM"]
[WhiteElo "2557"]
[BlackElo "2454"]
[WhiteFideId "8604940"]
[BlackFideId "8605564"]
[EventDate "2017.04.23"]

1. d4 Nf6 2. c4 e6 3. Nf3 d5 4. Nc3 Bb4 5. Bg5 h6 6. Bxf6 Qxf6 7. e3 O-O 8. Rc1
dxc4 9. Bxc4 c5 10. O-O cxd4 11. Nxd4 Bd7 12. Qb3 Nc6 13. Nxc6 Bxc3 14. Rxc3
Bxc6 15. Bb5 Bd5 16. Bc4 Bc6 17. Bb5 Be4 18. Bd3 Bxd3 19. Rxd3 b6 20. Rfd1 Rad8
21. Rxd8 Rxd8 22. Rxd8+ Qxd8 23. g3 h5 24. h4 Qd7 25. Qc2 g6 26. a3 Kg7 27. Qc3+
Kg8 28. Qc2 Kg7 29. Qc3+ Kg8 30. Qc2 Kg7 31. Qc3+ 1/2-1/2

[Event "ch-CHN 2017"]
[Site "Xinghua CHN"]
[Date "2017.05.04"]
[Round "11.6"]
[White "Wang, Chen"]
[Black "Wen, Yang"]
[Result "0-1"]
[WhiteTitle "IM"]
[BlackTitle "GM"]
[WhiteElo "2505"]
[BlackElo "2613"]
[WhiteFideId "8601020"]
[BlackFideId "8602956"]
[EventDate "2017.04.23"]

1. e4 c5 2. Nf3 Nc6 3. Bb5 g6 4. O-O Bg7 5. Bxc6 bxc6 6. d3 Nh6 7. e5 O-O 8. Re1
Nf5 9. Nc3 Nd4 10. Bf4 f6 11. Nxd4 cxd4 12. Nb1 d6 13. exd6 e5 14. Bc1 Qxd6 15.
Nd2 Be6 16. Ne4 Qc7 17. Bd2 c5 18. c4 f5 19. Ng5 Bc8 20. Qf3 Rb8 21. b3 Rd8 22.
Qg3 Re8 23. f4 h6 24. Nh3 e4 25. Qxg6 Bb7 26. dxe4 fxe4 27. f5 Qf7 28. Bf4 Qxg6
29. fxg6 Rbd8 30. Nf2 e3 31. Nd3 Be4 32. Rad1 Bxg6 33. Nxc5 d3 34. Nb7 e2 0-1